000 01314cab a22002175a 4500
001 L138649
008 070628s2007 xxk f 000 0 eng d
020 _a9781847810380
035 _a(Sirsi) u138649
041 0 _aeng
050 0 4 _a711.1 $2 18
110 1 _aLondon Assembly
_bPlanning and Spatial Development Committee
_95244
245 0 0 _aSemi-detached
_breconnecting London's suburbs
_h[electronic resource]
260 _aLondon
_bLondon Assembly
_c2007
520 _aWarns that many of London's suburbs are in danger of becoming dormitories, lacking local jobs, amenities, community assets and open spaces. Private car use is dominating transport habits in such areas. Nearly two-thirds of Londoners live in such suburban areas. A loss of employment is forecast as more jobs are going either to the city, or to areas beyond the M25. Identifies the need for the mayor and boroughs to do more to boost town centres, support public transport and local amenities. These considerations need to be carefully. balanced against housing growth.
590 _aKA
651 4 _aLondon
690 _aENVIRONMENTAL AND LAND CONSULTANCY-PLANNING AND DEVELOPMENT
856 4 8 _uhttps://legacy.london.gov.uk/assembly/reports/plansd/semi-detached.pdf
_zView the item free of charge at legacy.london.gov.uk
942 _n0
999 _c107215
_d107215